Buildings of Ancient Rome - Map Quiz - Statistics

General Stats
  • This quiz has been taken 90 times
  • The average score is 8 of 18
Answers on the Map
Answers color-coded by a green-red scale on the quiz's map according to % correct below.
 
Answer Stats
Answer % Correct
Colosseum
87%
Circus Maximus
79%
Mausoleum of Augustus
56%
Pantheon
54%
Baths of Diocletian
48%
Mausoleum of Hadrian
48%
Theatre of Marcellus
46%
Naumachia Vaticana
44%
Baths of Titus
42%
House of Augustus
42%
Trajan's Forum
42%
Circus Flaminius
38%
Basilica of Maxentius
35%
Basilica of Neptune
33%
Theatre of Pompey
33%
Temple of Marcus Aurelius
31%
Temple of Peace
31%
Saepta Julia
29%
No matching quizzes found
Score Distribution
Percent of People with Each Score
Percentile by Number Answered
Your Score History
You have not taken this quiz